00974nas a2200277Ia 4500001001200000003001000012008004100022040002500063041001300088100002200101210001100123222001100134245004900145250001100194260000900205501012300214300001400337362002800351500006400379650003300443700002000476942000700496957000600503999003300509952015400542dg96-41731 IT-MiCISF161014c99999999xx |||||||||||| ||und|| aIT-MiCISFcIT-MiCISF aITALIANO aScarmagnani Marco aSempre aSempre 0aL'orfanotrofio chiude, ma la mamma non c'è a1a ed. c2005 bCISF - Centro Internazionale Studi Famiglia - Via Giotto, 36 20145 MILANO (non commercial uses only)cCopyright 2016 app. 28-31 a n. 11, dicembre [2005] a Tema: istituto-per-minori, affido, adozione, casa-famiglia aADOZIONE, AFFIDOvintervista a Martini Walter cCR 71 a41731bSig1c218836d218836 0010406DG_964173171aCISFbCISFd2016-10-14l0odg96-41731 r2016-10-14 00:00:00w2016-10-14yCRzData import 15.10.2016 / by Epidotti, Vaglietti